[Event "FIRST SATURDAY TOURNAMENTS Budapest FMA-"]
[Site "Budapest"]
[Date "2012.07.07"]
[Round "1.1"]
[White "Mayer, Istvan"]
[Black "Lukacs, Albert"]
[Result "1-0"]
[WhiteElo "2106"]
[BlackElo "1861"]
[PlyCount "75"]
[EventDate "2012.07.07"]

1. e4 e6 2. d4 a6 3. c4 d5 4. exd5 exd5 5. cxd5 Qxd5 6. Nc3 Bb4 7. Qa4+ Nc6 8.
Nf3 Bd7 9. Be2 Nxd4 10. Qd1 Nxf3+ 11. Bxf3 Qxd1+ 12. Kxd1 O-O-O 13. Kc2 Bf5+
14. Kb3 Bc5 15. Bg5 f6 16. Be3 Bxe3 17. fxe3 Rd2 18. e4 Be6+ 19. Nd5 c6 20. Kc3
Rf2 21. Nf4 Bd7 22. Nd3 Rxf3 23. gxf3 Ne7 24. h4 b6 25. Rag1 Rg8 26. Rg3 c5 27.
h5 Be8 28. b4 cxb4+ 29. Nxb4 Kb7 30. Rd1 Ba4 31. Rd4 Bb5 32. Nd5 Nc6 33. Rd1 f5
34. Rdg1 g6 35. hxg6 hxg6 36. Rxg6 Rxg6 37. Rxg6 fxe4 38. fxe4 1-0

[Event "FIRST SATURDAY TOURNAMENTS Budapest FMA-"]
[Site "Budapest"]
[Date "2012.07.07"]
[Round "1.2"]
[White "Haanshuus, Aslak"]
[Black "Schenkerik, Csaba"]
[Result "1-0"]
[WhiteElo "1917"]
[BlackElo "2116"]
[PlyCount "61"]
[EventDate "2012.07.07"]

1. d4 Nf6 2. Nf3 g6 3. Nc3 Bg7 4. e4 d6 5. Be3 O-O 6. Qd2 Ng4 7. O-O-O Nxe3 8.
fxe3 c6 9. Be2 Qc7 10. h4 h5 11. Nh2 Nd7 12. g4 hxg4 13. Nxg4 f5 14. Bc4+ Kh7
15. exf5 gxf5 16. Nh2 d5 17. Be2 Nf6 18. Nf3 Ne4 19. Nxe4 fxe4 20. Ng5+ Kh6 21.
Rdg1 e5 22. Bg4 Bxg4 23. Rxg4 Rae8 24. Rhg1 Rf6 25. Qg2 Qd7 26. Nf3 exf3 27.
Rg6+ Kh7 28. Rxg7+ Kh8 29. Qg5 Qe6 30. Rh7+ Kxh7 31. Qg7# 1-0

[Event "FIRST SATURDAY TOURNAMENTS Budapest FMA-"]
[Site "Budapest"]
[Date "2012.07.07"]
[Round "1.3"]
[White "Farkas, Richard"]
[Black "Laza, Szabolcs"]
[Result "1/2-1/2"]
[WhiteElo "2144"]
[BlackElo "1938"]
[PlyCount "44"]
[EventDate "2012.07.07"]

1. e4 c5 2. Nf3 d6 3. c3 Nf6 4. Be2 Nc6 5. d3 e6 6. O-O Be7 7. Re1 O-O 8. Bf1
e5 9. h3 h6 10. d4 cxd4 11. cxd4 exd4 12. Nxd4 d5 13. exd5 Nxd4 14. Qxd4 Nxd5
15. Nc3 Nxc3 16. Qxc3 Bf6 17. Qg3 Bh4 18. Qf3 Qa5 19. Bf4 Bf6 20. Re2 Be6 21.
Qg3 Bc4 22. Be5 Qa6 1/2-1/2

[Event "FIRST SATURDAY TOURNAMENTS Budapest FMA-"]
[Site "Budapest"]
[Date "2012.07.08"]
[Round "2.1"]
[White "Lukacs, Albert"]
[Black "Laza, Szabolcs"]
[Result "0-1"]
[WhiteElo "1861"]
[BlackElo "1938"]
[PlyCount "43"]
[EventDate "2012.07.07"]

1. e4 c5 2. Nf3 d6 3. Nc3 Nf6 4. d4 cxd4 5. Qxd4 Nc6 6. Bb5 Bd7 7. Bxc6 Bxc6 8.
Bg5 e6 9. O-O-O Be7 10. e5 dxe5 11. Qxe5 Qb6 12. Be3 Qa6 13. Nd4 O-O 14. f3 Nd5
15. Nxd5 Bxd5 16. a3 Rac8 17. Qg3 Kh8 18. Rd2 Bxa3 19. bxa3 Qxa3+ 20. Kd1 Qa1+
21. Ke2 Qxh1 22. Qh4 0-1

[Event "FIRST SATURDAY TOURNAMENTS Budapest FMA-"]
[Site "Budapest"]
[Date "2012.07.08"]
[Round "2.2"]
[White "Schenkerik, Csaba"]
[Black "Farkas, Richard"]
[Result "0-1"]
[WhiteElo "2116"]
[BlackElo "2144"]
[PlyCount "70"]
[EventDate "2012.07.07"]

1. e4 e6 2. d4 d5 3. Nc3 Bb4 4. a3 Bxc3+ 5. bxc3 dxe4 6. f3 c5 7. Qd2 Nc6 8.
Bb2 Nf6 9. O-O-O Bd7 10. fxe4 Nxe4 11. Qe1 f5 12. Nf3 O-O 13. Bd3 Nd6 14. dxc5
Nf7 15. Bc4 Qe7 16. Qe3 e5 17. Rd6 e4 18. Ng5 Nce5 19. Bd5 Kh8 20. Nxf7+ Nxf7
21. Bxb7 Rab8 22. Rxd7 Qxd7 23. c6 Qc7 24. c4 Nd8 25. Rd1 Nxc6 26. Bxc6 Qxc6
27. Qxa7 Rb7 28. Qd4 f4 29. Qd5 Qb6 30. Qd4 Qxd4 31. Bxd4 e3 32. c5 Rfb8 33. c4
Rb1+ 34. Kc2 Rxd1 35. Kxd1 Rd8 0-1

[Event "FIRST SATURDAY TOURNAMENTS Budapest FMA-"]
[Site "Budapest"]
[Date "2012.07.08"]
[Round "2.3"]
[White "Mayer, Istvan"]
[Black "Haanshuus, Aslak"]
[Result "0-1"]
[WhiteElo "2106"]
[BlackElo "1917"]
[PlyCount "36"]
[EventDate "2012.07.07"]

1. e4 c5 2. Nf3 Nc6 3. Bc4 e6 4. Nc3 d6 5. O-O Nf6 6. Re1 Be7 7. a3 a6 8. d4 d5
9. exd5 exd5 10. Bf1 c4 11. h3 O-O 12. Ne5 Be6 13. f4 Nxe5 14. dxe5 Bc5+ 15.
Kh1 Ng4 16. Qf3 Nf2+ 17. Kh2 Qh4 18. Re2 Bg4 0-1

[Event "FIRST SATURDAY TOURNAMENTS Budapest FMA-"]
[Site "Budapest"]
[Date "2012.07.09"]
[Round "3.1"]
[White "Haanshuus, Aslak"]
[Black "Lukacs, Albert"]
[Result "1-0"]
[WhiteElo "1917"]
[BlackElo "1861"]
[PlyCount "84"]
[EventDate "2012.07.07"]

1. d4 e6 2. Nf3 b5 3. e3 a6 4. Bd3 Bb7 5. b3 Nf6 6. Bb2 Nc6 7. Nbd2 Nb4 8. Be2
c5 9. a3 Nbd5 10. c4 Nc7 11. dxc5 Bxc5 12. b4 Be7 13. O-O d6 14. Nd4 Qd7 15.
Bf3 Rb8 16. Bxb7 Rxb7 17. Qf3 Rb6 18. Rac1 d5 19. c5 Rb8 20. N4b3 h5 21. Rfd1
Qc8 22. e4 Kf8 23. exd5 Nfxd5 24. Ne4 Qd7 25. Be5 Rh6 26. Nd6 Bf6 27. Qe2 Bg5
28. Rc2 f6 29. Bb2 Bf4 30. Ne4 h4 31. Bc1 Rd8 32. Qd3 Bxc1 33. Nxc1 Rg6 34. Ne2
e5 35. Qf3 h3 36. g3 Qe7 37. N4c3 Qe6 38. Nxd5 Rxd5 39. Rxd5 Qxd5 40. Qxd5 Nxd5
41. Kf1 Kf7 42. Rd2 Ke6 {after35 move} 1-0

[Event "FIRST SATURDAY TOURNAMENTS Budapest FMA-"]
[Site "Budapest"]
[Date "2012.07.09"]
[Round "3.2"]
[White "Farkas, Richard"]
[Black "Mayer, Istvan"]
[Result "1/2-1/2"]
[WhiteElo "2144"]
[BlackElo "2106"]
[PlyCount "22"]
[EventDate "2012.07.07"]

1. e4 e6 2. d4 d5 3. Nc3 Nf6 4. Bg5 dxe4 5. Nxe4 Nbd7 6. Nf3 Be7 7. Nxf6+ Bxf6
8. Bxf6 Qxf6 9. Bd3 c5 10. c3 cxd4 11. cxd4 O-O 1/2-1/2

[Event "FIRST SATURDAY TOURNAMENTS Budapest FMA-"]
[Site "Budapest"]
[Date "2012.07.09"]
[Round "3.3"]
[White "Laza, Szabolcs"]
[Black "Schenkerik, Csaba"]
[Result "1-0"]
[WhiteElo "1938"]
[BlackElo "2116"]
[PlyCount "87"]
[EventDate "2012.07.07"]

1. d4 Nf6 2. c4 c5 3. d5 b5 4. Qc2 e6 5. e4 bxc4 6. Bxc4 exd5 7. exd5 g6 8. Nc3
Bg7 9. Qe2+ Kf8 10. Bf4 d6 11. Nf3 Nh5 12. Bd2 Bg4 13. h3 Bxf3 14. Qxf3 Nd7 15.
Qd1 Qh4 16. Qg4 Re8+ 17. Kd1 Qxg4+ 18. hxg4 Nhf6 19. Bb5 a6 20. Bc6 Rb8 21. g5
Ng4 22. Bxd7 Nxf2+ 23. Kc2 Nxh1 24. Rxh1 Be5 25. Rf1 Ke7 26. Bc6 Rb4 27. Re1
Rhb8 28. b3 Rg4 29. Nd1 Rxg2 30. Rxe5+ dxe5 31. d6+ Kxd6 32. Bxg2 Ke7 33. Be3
Kd6 34. Nb2 Rb4 35. Bxc5+ Kxc5 36. Nd3+ Kb5 37. Nxb4 Kxb4 38. Bd5 Ka3 39. Bxf7
Kxa2 40. Bg8 e4 41. Bxh7 e3 42. Bxg6 e2 43. Kd2 Kxb3 44. Bf7+ 1-0

[Event "FIRST SATURDAY TOURNAMENTS Budapest FMA-"]
[Site "Budapest"]
[Date "2012.07.10"]
[Round "4.1"]
[White "Lukacs, Albert"]
[Black "Schenkerik, Csaba"]
[Result "0-1"]
[WhiteElo "1861"]
[BlackElo "2116"]
[PlyCount "86"]
[EventDate "2012.07.07"]

1. e4 e5 2. Bc4 Nf6 3. d3 c6 4. f4 d5 5. fxe5 dxc4 6. exf6 Qxf6 7. Nf3 cxd3 8.
cxd3 Qg6 9. O-O Bc5+ 10. d4 Bb6 11. Ne5 Qxe4 12. Rf4 Qxe5 13. Kh1 Qe7 14. b3
O-O 15. Ba3 Qe3 16. Qf1 c5 17. d5 Nd7 18. Bb2 f6 19. Nc3 Ne5 20. Ne4 Bd7 21.
Re1 Qd3 22. Qf2 c4 23. Qf1 Qxf1+ 24. Rfxf1 Nd3 25. Re2 Nxb2 26. Rxb2 cxb3 27.
Rxb3 Rfe8 28. Nd6 Re2 29. Rd3 Rxa2 30. Re1 Rb8 31. h3 Kf8 32. g4 Bc7 33. Ne4
Be5 34. Nc5 Ke8 35. Rb3 b5 36. Nd3 Ra1 37. Rxa1 Bxa1 38. Nc5 Bd4 39. Na6 Rb6
40. Ra3 b4 41. Nc7+ Ke7 42. Rd3 b3 43. d6+ Kf7 0-1

[Event "FIRST SATURDAY TOURNAMENTS Budapest FMA-"]
[Site "Budapest"]
[Date "2012.07.10"]
[Round "4.3"]
[White "Haanshuus, Aslak"]
[Black "Farkas, Richard"]
[Result "1/2-1/2"]
[WhiteElo "1917"]
[BlackElo "2144"]
[PlyCount "108"]
[EventDate "2012.07.07"]

1. d4 d5 2. Nf3 Nf6 3. h3 a6 4. Bf4 c5 5. e3 Nc6 6. Nbd2 e6 7. c3 Bd6 8. Bxd6
Qxd6 9. Bd3 O-O 10. O-O e5 11. dxe5 Nxe5 12. Nxe5 Qxe5 13. Nf3 Qc7 14. Qa4 Bd7
15. Qh4 Rfe8 16. Rfd1 Bc6 17. Bf5 h6 18. Rd2 Ne4 19. Bxe4 dxe4 20. Ne1 b5 21.
Rad1 a5 22. Nc2 b4 23. c4 a4 24. Rd6 f6 25. Qg4 Kh8 26. Rd7 Bxd7 27. Rxd7 Qxd7
28. Qxd7 Red8 29. Qc6 Rac8 30. Qxe4 Rd1+ 31. Kh2 Rd2 32. Qf5 Rc7 33. b3 a3 34.
Kg3 Rc6 35. Qg6 Rc8 36. h4 Kg8 37. h5 Kh8 38. Qf5 Rc6 39. Qe4 Rcd6 40. Qe7 Rd8
41. Ne1 Rc8 42. Nf3 Rxa2 43. Nh4 Rb2 44. Nf5 Rg8 45. Qxc5 Rxb3 46. Qa7 Rb2 47.
Ne7 a2 48. Nxg8 Kxg8 49. c5 b3 50. c6 Rc2 51. Qa3 Rc3 52. c7 Kh7 53. Qa8 Rxc7
54. Qe4+ Kg8 1/2-1/2

[Event "FIRST SATURDAY TOURNAMENTS Budapest FMA-"]
[Site "Budapest"]
[Date "2012.07.11"]
[Round "5.1"]
[White "Farkas, Richard"]
[Black "Lukacs, Albert"]
[Result "1-0"]
[WhiteElo "2144"]
[BlackElo "1861"]
[PlyCount "91"]
[EventDate "2012.07.07"]

1. e4 d5 2. exd5 Nf6 3. d4 Nxd5 4. c4 Nf6 5. Nc3 e6 6. Nf3 Be7 7. Be2 O-O 8.
O-O Nc6 9. a3 Bd6 10. Bg5 h6 11. Be3 Re8 12. h3 a6 13. Qc2 Bd7 14. Rfd1 b6 15.
c5 bxc5 16. dxc5 Bf8 17. b4 Qc8 18. Rab1 e5 19. Bd3 Na7 20. a4 Qb7 21. Nd2 Qc8
22. b5 Rb8 23. c6 Bxc6 24. Bxa7 Bxg2 25. Bf5 Qb7 26. Bxb8 Bh1 27. Be4 Bxe4 28.
Ndxe4 Qxb8 29. bxa6 Qc8 30. Kh2 Qxa6 31. Rg1 Nh7 32. Qe2 Qe6 33. a5 Kh8 34. Qa2
Qf5 35. Qd2 Qc8 36. Qe2 f5 37. a6 Qa8 38. Rb7 Re6 39. Ra1 fxe4 40. Nxe4 Rc6 41.
a7 Rb6 42. Rxb6 cxb6 43. Qf3 Nf6 44. Nd2 e4 45. Qf4 Nd7 46. Qxe4 1-0

[Event "FIRST SATURDAY TOURNAMENTS Budapest FMA-"]
[Site "Budapest"]
[Date "2012.07.11"]
[Round "5.2"]
[White "Laza, Szabolcs"]
[Black "Haanshuus, Aslak"]
[Result "1/2-1/2"]
[WhiteElo "1938"]
[BlackElo "1917"]
[PlyCount "53"]
[EventDate "2012.07.07"]

1. d4 Nf6 2. c4 e6 3. Nf3 Bb4+ 4. Bd2 Qe7 5. g3 d5 6. cxd5 Bxd2+ 7. Qxd2 exd5
8. Bg2 O-O 9. O-O Re8 10. Nc3 c6 11. Qc2 Bg4 12. Rfe1 Nbd7 13. a3 Bh5 14. Nh4
Nb6 15. b4 Qd7 16. Na4 Nxa4 17. Qxa4 Ne4 18. Qc2 g5 19. Nf3 f6 20. Nd2 Bg6 21.
Nxe4 Bxe4 22. Qd2 Bxg2 23. Kxg2 Qe6 24. Qd3 Qe4+ 25. Qxe4 Rxe4 26. e3 f5 27. f3
1/2-1/2

[Event "FIRST SATURDAY TOURNAMENTS Budapest FMA-"]
[Site "Budapest"]
[Date "2012.07.11"]
[Round "5.3"]
[White "Schenkerik, Csaba"]
[Black "Mayer, Istvan"]
[Result "1/2-1/2"]
[WhiteElo "2116"]
[BlackElo "2106"]
[PlyCount "60"]
[EventDate "2012.07.07"]

1. d4 d5 2. c4 dxc4 3. Nf3 Nf6 4. e3 a6 5. Bxc4 e6 6. O-O c5 7. Qe2 Nc6 8. a3
Qc7 9. Rd1 b5 10. Ba2 Bb7 11. Nc3 Be7 12. d5 Nxd5 13. Nxd5 exd5 14. Bxd5 Bf6
15. e4 O-O 16. Be3 Rfe8 17. Bxc5 Na5 18. Bd6 Qb6 19. e5 Rad8 20. Qc2 Bxd5 21.
Rxd5 Nc4 22. exf6 Rxd6 23. Rxd6 Qxd6 24. fxg7 Qf6 25. Rb1 Kxg7 26. Qc1 Re2 27.
Kf1 Rxb2 28. Rxb2 Nxb2 29. Qc8 Nc4 30. Qg4+ Qg6 1/2-1/2

[Event "FIRST SATURDAY TOURNAMENTS Budapest FMA-"]
[Site "Budapest"]
[Date "2012.07.13"]
[Round "6.1"]
[White "Lukacs, Albert"]
[Black "Mayer, Istvan"]
[Result "0-1"]
[WhiteElo "1861"]
[BlackElo "2106"]
[PlyCount "86"]
[EventDate "2012.07.07"]

1. Nf3 c5 2. e4 d6 3. Nc3 g6 4. d4 cxd4 5. Qxd4 f6 6. Be3 Nc6 7. Qd5 Nh6 8. Bc4
e6 9. Qd2 Nf7 10. Rd1 Bd7 11. Bf4 a6 12. O-O Be7 13. Rfe1 O-O 14. a3 Qc8 15.
Ba2 b5 16. Re3 Qb7 17. Ne2 Rfe8 18. h4 Rad8 19. Rd3 Bc8 20. Be3 Bf8 21. Bd4 Bg7
22. Bc3 Nce5 23. Nxe5 fxe5 24. Ng3 Qe7 25. h5 Qh4 26. hxg6 hxg6 27. Qe2 Bb7 28.
Bb4 Bf8 29. c4 bxc4 30. Bxc4 d5 31. exd5 Qxc4 32. Ne4 Bg7 33. b3 Qc8 34. d6 Rd7
35. Nc5 a5 36. Nxd7 axb4 37. Nb6 Qc6 38. Qg4 e4 39. d7 Rd8 40. Rd6 Nxd6 41. Qg5
Nf7 42. Qe3 Bh6 43. Qd4 bxa3 0-1

[Event "FIRST SATURDAY TOURNAMENTS Budapest FMA-"]
[Site "Budapest"]
[Date "2012.07.13"]
[Round "6.2"]
[White "Schenkerik, Csaba"]
[Black "Haanshuus, Aslak"]
[Result "1/2-1/2"]
[WhiteElo "2116"]
[BlackElo "1917"]
[PlyCount "64"]
[EventDate "2012.07.07"]

1. e4 c5 2. Nf3 Nc6 3. d4 cxd4 4. Nxd4 e5 5. Nb5 a6 6. Nd6+ Bxd6 7. Qxd6 Qf6 8.
Qd2 Qg6 9. f3 Nge7 10. c4 d6 11. b3 O-O 12. Ba3 Nd4 13. Nc3 f5 14. Bd3 Bd7 15.
O-O-O b5 16. Nd5 Nxd5 17. cxd5 Rac8+ 18. Kb1 a5 19. Bb2 b4 20. Bxd4 exd4 21.
Rhe1 Qf6 22. exf5 Bxf5 23. Bxf5 Qxf5+ 24. Qd3 Qxd5 25. Qxd4 Qxd4 26. Rxd4 Rfe8
27. Rxe8+ Rxe8 28. Rxd6 Re1+ 29. Kc2 Ra1 30. Rd2 Rxa2+ 31. Kd3 Ra3 32. Kc4 Kf7
1/2-1/2

[Event "FIRST SATURDAY TOURNAMENTS Budapest FMA-"]
[Site "Budapest"]
[Date "2012.07.13"]
[Round "6.3"]
[White "Laza, Szabolcs"]
[Black "Farkas, Richard"]
[Result "1/2-1/2"]
[WhiteElo "1938"]
[BlackElo "2144"]
[PlyCount "47"]
[EventDate "2012.07.07"]

1. d4 d5 2. c4 dxc4 3. Nf3 a6 4. e3 b5 5. a4 Bb7 6. Nc3 c6 7. Be2 e6 8. O-O Nf6
9. Ne5 Nbd7 10. f4 Be7 11. Bf3 Qb6 12. g4 Nxe5 13. fxe5 Nd5 14. Be4 b4 15. a5
Qc7 16. Nb1 c5 17. Qf3 Rf8 18. Nd2 cxd4 19. exd4 c3 20. Nb1 Qc4 21. bxc3 bxc3
22. Nxc3 Qxd4+ 23. Kh1 Qxe5 24. Bf4 1/2-1/2

[Event "FIRST SATURDAY TOURNAMENTS Budapest FMA-"]
[Site "Budapest"]
[Date "2012.07.14"]
[Round "7.1"]
[White "Laza, Szabolcs"]
[Black "Lukacs, Albert"]
[Result "1/2-1/2"]
[WhiteElo "1938"]
[BlackElo "1861"]
[PlyCount "77"]
[EventDate "2012.07.07"]

1. d4 Nf6 2. c4 e6 3. Nf3 b6 4. Bf4 Bb7 5. e3 Bb4+ 6. Nc3 Ne4 7. Rc1 g5 8. Bg3
h5 9. d5 f6 10. Qd4 Bxc3+ 11. bxc3 Nc5 12. Bxc7 Qe7 13. Rd1 Nba6 14. Bd6 Qg7
15. Be2 g4 16. Ne5 Rg8 17. Nd3 e5 18. Nxe5 fxe5 19. Bxe5 Qg6 20. Bd3 Nxd3+ 21.
Qxd3 d6 22. Bg3 Qxd3 23. Rxd3 Nc5 24. Rd4 O-O-O 25. h3 Ba6 26. hxg4 Rxg4 27.
Rxh5 Rxd4 28. cxd4 Ne4 29. Bh4 Rg8 30. f3 Bxc4 31. fxe4 Rxg2 32. a3 Re2+ 33.
Kd1 Rxe3 34. Rh8+ Kb7 35. Rh7+ Ka6 36. Be7 Rxe4 37. Bxd6 Rxd4+ 38. Kc1 Bxd5 39.
Bb4 1/2-1/2

[Event "FIRST SATURDAY TOURNAMENTS Budapest FMA-"]
[Site "Budapest"]
[Date "2012.07.14"]
[Round "7.2"]
[White "Farkas, Richard"]
[Black "Schenkerik, Csaba"]
[Result "0-1"]
[WhiteElo "2144"]
[BlackElo "2116"]
[PlyCount "130"]
[EventDate "2012.07.07"]

1. e4 e5 2. Nf3 Nf6 3. d4 Nxe4 4. dxe5 d5 5. exd6 Qxd6 6. Bd3 Nc5 7. Qe2+ Be7
8. Bc4 O-O 9. O-O Nc6 10. Rd1 Qg6 11. Bf4 Bf5 12. c3 Rfe8 13. b4 Bf6 14. Qf1
Ne4 15. a3 Rac8 16. Rc1 Qg4 17. Be3 a6 18. Nfd2 Nd6 19. Be2 Qg6 20. Nc4 Ne4 21.
Ncd2 Rcd8 22. Nxe4 Bxe4 23. Nd2 Bd3 24. Nf3 Bxe2 25. Qxe2 Qd3 26. Qe1 Ne5 27.
Nxe5 Bxe5 28. g3 f5 29. Rd1 Qxc3 30. Qxc3 Bxc3 31. Rxd8 Rxd8 32. Rc1 Be5 33. f4
Bd6 34. Bc5 Rd7 35. Bxd6 cxd6 36. Kf2 Kf7 37. Ke3 Ke7 38. Kd4 Kd8 39. Rc3 Re7
40. Kd5 Kd7 41. h3 h5 42. h4 Re2 43. Rd3 g6 44. Kd4 Ke6 45. Kc3 d5 46. Kd4 Kd6
47. Kc3 Re4 48. Rd4 Re3+ 49. Rd3 d4+ 50. Kxd4 Rxd3+ 51. Kxd3 Kd5 52. Kc3 Ke4
53. Kc4 Kf3 54. Kc5 Kxg3 55. Kb6 Kxf4 56. Kxb7 Kg4 57. a4 f4 58. a5 f3 59. Kxa6
f2 60. b5 f1=Q 61. Kb6 Qf6+ 62. Ka7 Qe7+ 63. Ka6 Kxh4 64. b6 Qd7 65. b7 Qc7 0-1

[Event "FIRST SATURDAY TOURNAMENTS Budapest FMA-"]
[Site "Budapest"]
[Date "2012.07.14"]
[Round "7.3"]
[White "Haanshuus, Aslak"]
[Black "Mayer, Istvan"]
[Result "1/2-1/2"]
[WhiteElo "1917"]
[BlackElo "2106"]
[PlyCount "66"]
[EventDate "2012.07.07"]

1. d4 d5 2. Nf3 Nf6 3. e3 a6 4. c4 dxc4 5. Bxc4 b5 6. Be2 Bb7 7. O-O e6 8. Nbd2
c5 9. dxc5 Bxc5 10. Nb3 Bb6 11. Qxd8+ Bxd8 12. Ne5 Be7 13. Bd2 Nfd7 14. Nxd7
Nxd7 15. Bc3 Bd5 16. Rfd1 f6 17. Rd2 Nc5 18. Nxc5 Bxc5 19. b4 Be7 20. a3 Kf7
21. Rc1 Rhc8 22. Bb2 Rxc1+ 23. Bxc1 a5 24. Bxb5 axb4 25. axb4 Bxb4 26. Rd1 Ra1
27. Rf1 Bc3 28. f3 Bb3 29. Kf2 g5 30. Bd3 h5 31. e4 Bd4+ 32. Kg3 Be5+ 33. Kh3
Ra5 1/2-1/2

[Event "FIRST SATURDAY TOURNAMENTS Budapest FMA-"]
[Site "Budapest"]
[Date "2012.07.15"]
[Round "8.1"]
[White "Lukacs, Albert"]
[Black "Haanshuus, Aslak"]
[Result "1-0"]
[WhiteElo "1861"]
[BlackElo "1917"]
[PlyCount "79"]
[EventDate "2012.07.07"]

1. e4 c5 2. Nc3 Nc6 3. g3 d6 4. Bg2 g6 5. Nge2 Bg7 6. O-O e6 7. d3 Nge7 8. Be3
Nd4 9. Rb1 Nec6 10. Qd2 Qa5 11. Nf4 O-O 12. a3 a6 13. Nh3 e5 14. f4 Qd8 15. Nd5
Ne7 16. Nxe7+ Qxe7 17. c3 Nc6 18. f5 f6 19. fxg6 hxg6 20. b4 b6 21. a4 Be6 22.
d4 Bc4 23. Rfc1 cxd4 24. cxd4 b5 25. d5 Nd8 26. a5 Nf7 27. Rc2 Qd7 28. Nf2 Kh7
29. Rbc1 Bh6 30. Bf1 Bxe3 31. Qxe3 Bxf1 32. Rc7 Qd8 33. Kxf1 g5 34. Ng4 Kg6 35.
Qf3 Nh6 36. Nxh6 Kxh6 37. Qf5 Rh8 38. Rf7 Kh5 39. g4+ Kh6 40. Rxf6+ 1-0

[Event "FIRST SATURDAY TOURNAMENTS Budapest FMA-"]
[Site "Budapest"]
[Date "2012.07.15"]
[Round "8.2"]
[White "Mayer, Istvan"]
[Black "Farkas, Richard"]
[Result "1/2-1/2"]
[WhiteElo "2106"]
[BlackElo "2144"]
[PlyCount "29"]
[EventDate "2012.07.07"]

1. e4 e6 2. d4 d5 3. exd5 exd5 4. Bd3 c5 5. dxc5 Bxc5 6. Nf3 Nf6 7. Qe2+ Be6 8.
O-O O-O 9. Bg5 h6 10. Be3 Qb6 11. Bxc5 Qxc5 12. c3 Nc6 13. Nbd2 Rfe8 14. Nb3
Qb6 15. Qd2 1/2-1/2

[Event "FIRST SATURDAY TOURNAMENTS Budapest FMA-"]
[Site "Budapest"]
[Date "2012.07.15"]
[Round "8.3"]
[White "Schenkerik, Csaba"]
[Black "Laza, Szabolcs"]
[Result "0-1"]
[WhiteElo "2116"]
[BlackElo "1938"]
[PlyCount "82"]
[EventDate "2012.07.07"]

1. b3 d5 2. Bb2 Nf6 3. e3 c5 4. f4 Nc6 5. Bb5 Bd7 6. Nf3 g6 7. O-O Bg7 8. Qe1
O-O 9. d3 Nb4 10. Bxd7 Nxc2 11. Qe2 Nxa1 12. Bh3 Nxb3 13. axb3 Qb6 14. Nbd2 a5
15. g4 e6 16. Ne5 Qb5 17. g5 Ne4 18. Ndf3 Nd6 19. Ng4 Qxb3 20. Bxg7 Kxg7 21.
Nfe5 c4 22. Nf6 h5 23. gxh6+ Kxf6 24. Qg4 Ke7 25. Nxg6+ Kd7 26. Nxf8+ Rxf8 27.
Qg7 Ke8 28. h7 Qxd3 29. Qxf8+ Kxf8 30. h8=Q+ Ke7 31. Qd4 Qxd4 32. exd4 b5 33.
Kf2 b4 34. Bg4 a4 35. Ra1 a3 36. Bd1 Nf5 37. Ke2 Nxd4+ 38. Kd2 Nb3+ 39. Bxb3
cxb3 40. f5 b2 41. f6+ Kd6 0-1

[Event "FIRST SATURDAY TOURNAMENTS Budapest FMA-"]
[Site "Budapest"]
[Date "2012.07.16"]
[Round "9.1"]
[White "Schenkerik, Csaba"]
[Black "Lukacs, Albert"]
[Result "1/2-1/2"]
[WhiteElo "2116"]
[BlackElo "1861"]
[PlyCount "28"]
[EventDate "2012.07.07"]

1. e4 c5 2. Nf3 e6 3. d4 cxd4 4. Nxd4 a6 5. c4 Qc7 6. Nc3 Nf6 7. Qe2 d6 8. Bd2
Nbd7 9. O-O-O h6 10. g4 e5 11. Nc2 Nc5 12. Rg1 Ne6 13. Kb1 g5 14. f3 Bd7
1/2-1/2

[Event "FIRST SATURDAY TOURNAMENTS Budapest FMA-"]
[Site "Budapest"]
[Date "2012.07.16"]
[Round "9.2"]
[White "Laza, Szabolcs"]
[Black "Mayer, Istvan"]
[Result "1/2-1/2"]
[WhiteElo "1938"]
[BlackElo "2106"]
[PlyCount "44"]
[EventDate "2012.07.07"]

1. d4 d5 2. c4 dxc4 3. Nf3 Nf6 4. e3 a6 5. Bxc4 b5 6. Be2 Bb7 7. a3 e6 8. O-O
c5 9. dxc5 Qxd1 10. Rxd1 Bxc5 11. b4 Be7 12. Bb2 Nbd7 13. Nbd2 Bd5 14. Rac1 O-O
15. e4 Bb7 16. Rc7 Bc8 17. Ne5 Bd6 18. Nxd7 Bxc7 19. Nxf8 Kxf8 20. Bf3 Bb7 21.
e5 Bxf3 22. Nxf3 Nd5 1/2-1/2

[Event "FIRST SATURDAY TOURNAMENTS Budapest FMA-"]
[Site "Budapest"]
[Date "2012.07.16"]
[Round "9.3"]
[White "Farkas, Richard"]
[Black "Haanshuus, Aslak"]
[Result "0-1"]
[WhiteElo "2144"]
[BlackElo "1917"]
[PlyCount "58"]
[EventDate "2012.07.07"]

1. e4 c5 2. Nf3 Nc6 3. d4 cxd4 4. Nxd4 e5 5. Nb5 a6 6. Nd6+ Bxd6 7. Qxd6 Qf6 8.
Qd1 Qg6 9. Nc3 d5 10. Nxd5 Qxe4+ 11. Be3 Nd4 12. Nc7+ Ke7 13. Nxa8 Nxc2+ 14.
Kd2 Nxe3 15. fxe3 Nf6 16. Qb3 Ng4 17. a3 Rd8+ 18. Ke2 a5 19. Nb6 Be6 20. Qc3
Qf5 21. Qe1 Qc2+ 22. Kf3 e4+ 23. Kg3 Qc7+ 24. Kh4 g5+ 25. Kh5 Nf6+ 26. Kxg5
Rg8+ 27. Kh4 Rg4+ 28. Kh3 Rg3+ 29. Kh4 Qe5 0-1